| 000 | 00483nam a2200157 4500 | ||
|---|---|---|---|
| 001 | 116696 | ||
| 003 | ES-MaACL | ||
| 005 | 20230906190742.0 | ||
| 007 | t| | ||
| 008 | 061121s1911 fr r ||||1| fre d | ||
| 100 | 1 |
_aPascal, Constanza. _989311 |
|
| 245 | 1 | 3 |
_aLa démence précoce _b: etude psychologique médicale et médicologale / _cpar Constanza Pascal. |
| 260 |
_aParis : _b[s.n.], _c1911 ( _fEureux- Ch.Herissey) |
||
| 300 |
_a302 p. ; _c19 cm. |
||
| 852 |
_aES-MaACL _jB-11652 |
||
| 999 |
_c116696 _d116696 |
||